01007cam a22002771 4500001001300000003000400013005001700017008004100034010001700075025002000092035001900112040003100131041002200162042001200184050002000196130002000216245010400236260006700340300002400407440003600431440003600467500002500503546015400528700003000682999001700712sa 65000287 DLC20260227112102.0810516s1957 ii 000 0 kaw  asa 65000287  aPL480:I-San-295 a(OCoLC)7425407 aDLCcOCoLCdOCoLCdWUdDLC1 akawsanenghkawsan apremarc00aPL5158.9.S5bS50 aŚlokāntara.10aŚlokāntara :ban old Javanese didactic text /ccritically edited and annotated by Sharada Rani. a[New Delhi] :bInternational Academy of Indian Culture,c1957. a120, 355 p.c29 cm. 0aDvīpāntara-piṭaka ;vv. 2 0aŚata piṭaka series ;vv. 2. aAdded title in Kawi. a"Text [consists] of 83 Sanskrit slokas followed by their Old-Javanese prose-explanations." With English translation, introductory remarks, and notes.0 aSharada Rani,d1931-eed. c61476d61476